000 nam a22 7a 4500
999 _c9107
_d9107
008 180123b ||||| |||| 00| 0 eng d
100 _aShamsi N K
_95387
245 _aComputers Ubdate IV
260 _aNew Delhi
_bCordova Prvt Ltd
_c2009